Connected planet

Detalles Bibliográficos
Título anterior:Telephony (Online)
Formato: Electrónico Revista
Lenguaje:inglés
Publicado: Overland Park, Kan. : Penton Media
Materias:
Acceso en línea:Full text available from Research Library: 09/01/2009 to 12/22/2011

MARC

LEADER 00000nas a22000008a 4500
001 ssj0000070511
003 WaSeSS
005 20200512172242.0
006 m d
007 cr n
008 090810c20099999ksumx pss | 0eng
010 |a  2009203592 
022 |a 2150-5284  |y 2150-5276 
035 |a (WaSeSS)ssj0000070511 
037 |b Penton Media, Inc., P.O. Box 2100, Skokie, IL 60076-7800  |c $10.00 (single issue, U.S.)  |c $15.00 + tax (single issue, Canada)  |c $20.00 (single issue, international)  |c $84.00 (1 yr., U.S.)  |c $125.00 (2 yrs., U.S.)  |c $147.00 (1 yr., non-U.S.) 
040 |a DLC  |b eng  |c DLC  |d CUV  |d UBY  |d DLC  |d OCLCQ  |d OCLCF  |d OCLCO  |d OCLCQ  |d AU@  |d WaSeSS 
042 |a msc 
130 0 |a Connected planet (Online) 
245 1 0 |a Connected planet  |h [electronic resource]. 
260 |a Overland Park, Kan. :  |b Penton Media 
263 |a 200908 
310 |a Ten times a year 
506 |a License restrictions may limit access. 
650 0 |a Telecommunication  |v Periodicals. 
650 0 |a Telecommunication systems  |v Periodicals. 
650 7 |a Telecommunication.  |2 fast  |0 (OCoLC)fst01145830 
650 7 |a Telecommunication systems.  |2 fast  |0 (OCoLC)fst01146038 
655 0 |a Electronic journals. 
776 0 8 |i Print version:  |t Connected planet (Print)  |x 2150-5276  |w (DLC) 2009203591  |w (OCoLC)429901808 
780 0 0 |t Telephony (Online)  |x 2161-8690  |w (OCoLC)60622261 
856 4 0 |z Full text available from Research Library: 09/01/2009 to 12/22/2011  |u https://search.proquest.com/publication/55052